This, But Not That V Quiz Stats

Quiz Updated Aug 24, 2017

Challenge
Share
Tweet
Embed
Score 0/18 Timer 05:00
0 Plays Today
% Correct
Ocean's 11 Actors
93%
Original Thirteen U.S. Colonies
89.1%
Honorifics and Titles
84.9%
Parts of a Bridal Gown
79.5%
Stephen King Books
77.9%
Landlocked Countries
76.8%
Types of Geometry
75.7%
Chemical Element Symbols
74.9%
NASA Space Probes
72.5%
% Correct
Former Soviet Socialist Republics
67.7%
Cherry Varieties
65.6%
French Adjectives
64.4%
SI Units
62.5%
British Prime Ministers
59.1%
Australian State and Territory Capitals
56.4%
Flavors of Quarks
55%
Creatures in Gulliver's Travels
48.5%
Spanish Words For 'Red'
48.2%

You're not logged in!

Compare scores with friends on all Sporcle quizzes.
Sign Up with Email
OR
Log In

You Might Also Like...

Show Comments

Extras

Top Quizzes Today


Score Distribution

Your Account Isn't Verified!

In order to create a playlist on Sporcle, you need to verify the email address you used during registration. Go to your Sporcle Settings to finish the process.